| 000 | 00415nam a2200169Ia 4500 | ||
|---|---|---|---|
| 008 | 221030s9999 xx 000 0 und d | ||
| 020 | _a997151155X | ||
| 041 | _aEnglish | ||
| 082 |
_a105.23 _bHol |
||
| 100 | _aD. Halliday | ||
| 245 | 0 |
_aPhysics Vol. II _cby D. Halliday, R. Resnick |
|
| 260 |
_bJohn Wiley & Sons _aNew York _c2001 |
||
| 300 | _a1271 | ||
| 650 | _aPhysics | ||
| 700 | _aR. Resnick | ||
| 942 | _cBK | ||
| 999 |
_c6722 _d6722 |
||